Types of Fruit - Statistics

General Stats
  • This quiz has been taken 187 times
  • The average score is 13 of 15
Answer Stats
Picture Answer % Correct
Apple
98%
Pineapple
97%
Avocado
96%
Banana
93%
Kiwi
93%
Pear
93%
Strawberry
93%
Watermelon
93%
Mango
91%
Blackberry
88%
Orange
85%
Grapefruit
84%
Cherries
82%
Lemons
77%
Durian
14%
No matching quizzes found
Score Distribution
Percent of People with Each Score
Percentile by Number Answered
Your Score History
You have not taken this quiz